| 000 | 01152nam a2200277 c 4500 | ||
|---|---|---|---|
| 003 | BLK | ||
| 005 | 20180422120822.0 | ||
| 008 | 180411b bul|||||r ||||||| ||bul|| | ||
| 010 | _aKNG00216522000 | ||
| 040 | _aBLK | ||
| 041 |
_aBUL _cBUL |
||
| 080 |
_aБългарски език _b811.163.2 _x _z811.163.2 |
||
| 100 | 1 |
_aКювлиева-Мишайкова, Веса Стайкова _eпърви автор _9364974 |
|
| 139 |
_aКювлиева-Мишайкова, Веса Стайкова _bК 99 |
||
| 245 | 1 | 0 |
_aУстойчивите сравнения в българския език _bИзследване _cВеса Стайкова Кювлиева-Мишайкова. |
| 257 | _aBGR | ||
| 260 |
_аСофия _bБАН _c1986 |
||
| 300 |
_a276 с. _c21 см |
||
| 380 | _a80 | ||
| 500 | _aСъдържа и Речник на устойчивите сравнения в бълг. ез. - Библиогр. с. 228-238 и под линия ; Азб. показалец. | ||
| 852 | _aЦб 141508 | ||
| 856 | 4 |
_qpdf _u |
|
| 856 | 4 |
_qpdf _u |
|
| 942 |
_cKNG _n0 |
||
| 944 |
_aCR _c28.02.2018 _kНора_Радева |
||
| 944 |
_aED _c28.02.2018 _kНора_Радева |
||
| 999 |
_c206771 _d206771 |
||